[Event "Andalucia-ch"]
[Site "Lucena"]
[Date "2012.05.01"]
[Round "9"]
[White "Gonzalez del Campo, Diego"]
[Black "De la Rosa Moran, Alfonso Carlo"]
[Result "1-0"]
[WhiteElo "1885"]
[BlackElo "1928"]
[PlyCount "58"]
[EventDate "2012.04.26"]
[EventType "swiss"]
[EventRounds "9"]
[EventCountry "ESP"]
[SourceTitle "EXT 2013"]
[Source "ChessBase"]
[SourceDate "2012.11.22"]
[SourceVersion "1"]
[SourceVersionDate "2012.11.22"]
[SourceQuality "1"]

1. f4 b6 2. e4 Bb7 3. Nc3 c5 4. Nf3 Nc6 5. Bc4 e6 6. d4 cxd4 7. Nxd4 Bc5 8. Nb3 Bb4 9. 0-0 a6 10. Be3 h5 11. Be2 Nf6 12. e5 Ng4 13. Bxg4 hxg4 14. Qxg4 Ne7 15. Rad1 Nf5 16. Bf2 Rc8 17. Nd4 Nh6 18. Qg3 f5 19. Nxe6 Qe7 20. Qg6+ Qf7 21. Nxg7+ Kf8 22. Qxf7+ Nxf7 23. Nxf5 Bxc3 24. bxc3 Rxc3 25. Rxd7 Bc8 26. Rfd1 Bxd7 27. Rxd7 Rh5 28. g4 Rhh3 29. e6 Rh7 1-0